00729nam a2200193Ia 4500003000900000008004100009020001800050040001600068080002400084111006800108245015300176260004900329300001300378490005200391650004100443650001200484650001400496700002500510IN-BaIIA211028s9999 xx 000 0 eng d a3-923524-26-9 cIIA Library a524.352(082.2)bESO aESO Workshop on the SN 1987 AcGarching, Germanyd1987 July 6-8 0aESO workshop on the SN 1987 Abproceedings of the ESO workshop on the SN 1987 A, held in Garching, Germany, 6-8- July 1987cedited by I. J. Danziger aGermanybEuropean Southern Observatoryc1987 ax, 688p. aESO conference and workshop proceedings; no. 26 aAstronomy and astrophysics thesaurus aSN1987A aSupernova aDanziger, I. J., ed.